[Event "Elitserien Allsvenskan 2018-19"]
[Site "Sweden"]
[Date "2019.03.31"]
[Round "9.4"]
[White "Wiedenkeller, Michael"]
[Black "Lindgren, Philip"]
[Result "1-0"]
[WhiteElo "2464"]
[BlackElo "2383"]
[Annotator "TA"]
[PlyCount "113"]
[EventDate "2018.11.09"]
[EventType "team-tourn"]
[EventCountry "SWE"]
[SourceTitle "playchess.com"]
[Source "ChessBase"]
[SourceQuality "1"]

{[%evp 30,113,30,0,2,-7,0,0,-12,-6,0,0,-1,0,0,0,58,0,0,-50,-3,-7,-12,-18,-18,-8,-28,-23,92,0,-9,-13,-17,-43,-22,-27,-31,-26,0,0,0,0,0,0,0,0,49,49,59,52,112,108,120,115,156,126,541,541,499,519,523,490,494,480,435,431,483,361,476,468,587,439,474,406,546,555,2000,1785,1567,2033,29980,29981,29981,29982,29982,29983]} 1. d4 d5 2. c4 c6 3. Nc3 Nf6 4. e3 e6 5. Nf3 Nbd7 6. Bd3 dxc4 7. Bxc4 b5 8. Bd3 Bb7 9. e4 b4 10. Na4 c5 11. e5 Nd5 12. O-O cxd4 13. Re1 g6 14. Bg5 Qa5 15. Nxd4 a6 16. Bd2 {LiveBook: 5 Games. D47: Semi-Slav: Meran System} Bg7 (16... Qd8 17. Rc1 Bg7 18. Be4 Bxe5 19. Nf3 Bd6 20. Bh6 N7f6 21. Qd4 Rg8 22. Bg5 Be7 23. Nc5 Nxe4 24. Qxe4 Rb8 25. Nxe6 fxe6 26. Qxe6 Rf8 27. Rcd1 Rf7 28. Ne5 Rg7 29. Bh6 {1-0 (29) Morozevich,A (2765)-Anand,V (2799) Nice 2008}) 17. a3 Nxe5 18. Be4 {The position is equal.} O-O 19. axb4 Qc7 20. Rc1 Qe7 21. Nc5 Rad8 22. Qe2 Rd6 $146 (22... Ba8 $11) ({Predecessor:} 22... Ba8 23. b3 Rd6 24. Nxa6 {½-½ (31) Malin,D (2180)-Khudolii,S (2180) ICCF email 2015}) 23. Bc3 (23. b5 $14) 23... Rfd8 $11 24. Ndb3 (24. g3 {feels hotter.} Qc7 25. Bg2 Qb6 26. Ra1 Bc8 27. Ne4) 24... Nxc3 25. bxc3 Bxe4 26. Qxe4 Nd3 27. Nxd3 Rxd3 28. Qc4 $1 Qf6 (28... R3d6 $11 {remains equal.}) 29. Nd4 (29. Nc5 $16 R3d5 30. Qxa6) 29... Rd2 30. Nf3 R2d6 31. h3 h5 32. Qe4 Bh6 33. Rc2 Bd2 34. Rxd2 Rxd2 35. Nxd2 Rxd2 {[%mdl 4096] Endgame KQR-KQR} 36. Qe3 $36 {[%mdl 2048] Black is under pressure.} Rc2 37. Rc1 Qf5 (37... Rb2 {is interesting.} 38. Rd1 Rb3 39. Rd3 Rb1+ 40. Kh2 Rb2) 38. c4 {[%cal Bc3c4,Bc4c5,Bc5c6,Bc6c7][%mdl 32]} Rxc1+ 39. Qxc1 $14 {KQ-KQ} Qe4 ({Better is} 39... Kf8 $14) 40. c5 $16 Qc6 {[#]} 41. Qd2 $1 Qc7 42. Qd3 Qf4 $2 {[%mdl 8192] [#]} (42... Qe5 $16 {is a better chance.}) 43. Qc3 $1 $18 Kf8 44. c6 {Black must now prevent c7.} Qc7 45. Qc4 Qc8 46. c7 Ke7 47. Qc6 Kf8 48. g3 Ke7 49. Kf1 Kf8 50. Ke2 Ke7 51. Ke3 e5 {[#]} 52. g4 $1 {[%mdl 512]} hxg4 53. hxg4 {[%cal Bh3g4,Bg4g5][%mdl 32]} f6 54. f3 f5 55. g5 {White mates.} f4+ 56. Ke2 Kf7 57. Qf6+ {Accuracy: White = 66%, Black = 31%.} 1-0

[Event "Elitserien Allsvenskan 2018-19"]
[Site "Sweden"]
[Date "2019.03.31"]
[Round "9.4"]
[White "Ornstein, Axel"]
[Black "Lokander, Martin"]
[Result "0-1"]
[WhiteElo "2303"]
[BlackElo "2432"]
[Annotator "TA"]
[PlyCount "78"]
[EventDate "2018.11.09"]
[EventType "team-tourn"]
[EventCountry "SWE"]
[SourceTitle "playchess.com"]
[Source "ChessBase"]
[SourceQuality "1"]

{[%evp 14,78,13,17,15,0,6,0,0,0,0,0,0,0,0,-41,-36,-42,-42,-50,-45,-34,-20,-16,0,0,-4,-6,0,-12,0,-14,4,0,0,-9,-6,-14,-10,-21,0,-12,-16,-20,2,4,0,0,3,7,50,12,12,12,13,10,9,12,72,62,61,72,71,71,60,57,56]} 1. e4 e5 {[%cal Be7e5,Be5d4][%mdl 32]} 2. Nf3 Nc6 3. Bc4 Nf6 4. d4 exd4 5. e5 Ng4 6. O-O Be7 {[%cal Bf8e7,Be7h4,Bh4f6,Bf6d4][%mdl 32] C56: Two Knights: 4 d4 exd4 5 0-0 Nxe4} 7. Re1 d6 8. exd6 {LiveBook: 10 Games} cxd6 {The position is equal.} (8... Qxd6 9. b3 O-O 10. Ba3 Qd8 11. Bxe7 Nxe7 12. Qxd4 Qxd4 13. Nxd4 Nf5 14. Nxf5 Bxf5 {½-½ (108) Mamedov,R (2708)-Inarkiev,E (2684) Ankara 2018}) 9. Nxd4 O-O 10. Nc3 Bh4 11. g3 {[#] Nxc6 is the strong threat.} Bf6 12. Ndb5 a6 $146 ({Predecessor:} 12... Nxf2 13. Kxf2 a6 14. Qxd6 axb5 15. Nxb5 {½-½ (32) Auzins,M (2397)-Schroeder,M (2406) ICCF email 2012}) 13. Nxd6 Bd4 ({But not} 13... Bxc3 $6 14. bxc3 Nge5 15. Be2 $16) 14. Nce4 {Hoping for Nxf7.} (14. Nxf7 $5 Rxf7 15. Bxf7+ Kxf7 16. Ne4 $11) 14... Nxf2 $1 15. Nxf2 Qxd6 16. Be3 Qc5 17. Bxd4 Nxd4 18. Bd3 Be6 19. c3 Nc6 20. Qe2 Rad8 21. Qe3 Qh5 22. Be2 Qg6 23. Bd3 Bf5 {[%cal Rf5d3]} 24. Bxf5 Qxf5 25. Rad1 h5 26. Kg2 Rd5 27. Qf3 Qxf3+ 28. Kxf3 Rfd8 (28... Ra5 {is interesting.} 29. a3 Ne5+ 30. Kg2 Nc4 31. b3 Nxa3 32. c4 Nc2) 29. Rxd5 Rxd5 $11 {[%mdl 4096] Endgame KRN-KRN} 30. Rd1 Rf5+ 31. Kg2 Ne5 32. Rd8+ Kh7 33. Rd5 Kg6 34. Rd6+ f6 35. Rb6 Nc4 (35... Nf3 $11 {remains equal.}) 36. Rxb7 $16 Ne3+ 37. Kg1 h4 38. gxh4 Ra5 39. a3 Rd5 $1 {[%mdl 32768] Accuracy: White = 63%, Black = 65%. . Loss on time!?} 0-1

[Event "Elitserien Allsvenskan 2018-19"]
[Site "Sweden"]
[Date "2019.03.31"]
[Round "9.4"]
[White "Nygren, David"]
[Black "Sjodahl, Pontus"]
[Result "0-1"]
[WhiteElo "2266"]
[BlackElo "2422"]
[Annotator "TA"]
[PlyCount "116"]
[EventDate "2018.11.09"]
[EventType "team-tourn"]
[EventCountry "SWE"]
[SourceTitle "playchess.com"]
[Source "ChessBase"]
[SourceQuality "1"]

{[%evp 15,116,0,0,0,0,-12,0,0,0,0,43,43,63,-13,3,-5,0,-35,-43,-120,-124,-112,-118,-194,-209,-261,-263,-260,-202,-342,-202,-339,-339,-325,-326,-396,-330,-353,-362,-432,-312,-520,-437,-449,-419,-399,-408,-482,-479,-488,-467,-481,-468,-462,-461,-489,-487,-498,-478,-488,-535,-538,-512,-567,-563,-564,0,0,0,-523,-450,-448,-425,-446,-443,-438,-412,-496,-479,-451,-449,-439,-320,-599,-532,-497,-506,-479,-446,-764,-587,-572,-591,-1091,-1074,-1308,-1235,-1678,-1137,-1136,-29952,-12832,-12832]} 1. e4 e6 2. d4 d5 3. Nc3 Bb4 4. e5 c5 5. a3 Bxc3+ 6. bxc3 Qa5 7. Bd2 Qa4 8. Nf3 b6 9. h4 {C18: French: 3 Nc3 Bb4: Main line: 7 h4 and 7 Qg4} (9. dxc5 bxc5 10. c4 Ba6 11. cxd5 Bxf1 12. Kxf1 exd5 13. h4 Ne7 14. h5 h6 15. Rh4 Qc6 16. Qe2 Qe6 {1-0 (71) Inarkiev,E (2680)-Demchenko,A (2639) Ekaterinburg 2013}) 9... h6 10. h5 Ba6 11. dxc5 {The position is equal.} Bxf1 12. Kxf1 Qc4+ $146 ({Predecessor:} 12... bxc5 13. Rh4 Qa6+ 14. Kg1 Ne7 15. c4 Nd7 16. Rg4 Qa4 {1-0 (55) Di Paolo,R (2329)-Cazzaniga,W (2157) Erba 2007}) 13. Kg1 Qxc5 14. Nd4 (14. Rh4 $1 $14) 14... Ne7 $11 15. Qg4 Rg8 16. Rb1 Nbc6 17. Nb5 (17. Nxc6 $15 Qxc6 18. Rh4) 17... Nxe5 $17 18. Qf4 f6 19. Be3 (19. Nd4 $17) 19... Qc6 $19 20. Qb4 Nc4 21. Rh4 Nf5 22. Rxc4 (22. Nd4 $142 Nxd4 23. cxd4) 22... Qxc4 (22... dxc4 $142 23. Nd4 Nxd4 24. cxd4 Kf7) 23. Nd6+ (23. Qxc4 $142 dxc4 24. Nc7+ Kd7 25. Nxa8) 23... Nxd6 24. Qxd6 Qc8 25. Qg3 Qd7 26. a4 Qxa4 27. Qg6+ Kf8 28. Rb4 $2 {[#]} (28. Bxh6 Qe8 29. Qxf6+ Qf7 30. Qxf7+ Kxf7 31. Bf4) 28... Qe8 29. Qg3 g5 30. hxg6 Rxg6 31. Rg4 Rxg4 32. Bxh6+ Ke7 33. Qxg4 {[%mdl 4096] Endgame KQR-KQB} Rc8 34. Bc1 Qg8 35. Qa4 Rc7 36. Ba3+ Kf7 37. Bd6 Rxc3 38. Qxa7+ Kg6 39. Qa4 Rc4 40. Qa3 Kf7 41. Qa7+ Kg6 42. Qa3 $1 e5 43. Qd3+ Kg7 44. Qg3+ Kf7 45. Qh3 Ke8 46. Qf5 Qf7 47. Ba3 Kd8 48. Bd6 Rc6 49. Bb4 $2 (49. Bxe5 {is the only way for White.} Qe6 50. Qxe6 Rxe6 51. Bd4) 49... Kc7 50. Bd2 Qd7 51. Qd3 Kb7 52. f4 (52. c3 $142) 52... Qd6 53. fxe5 fxe5 54. Be3 d4 55. Bf2 Qg6 56. Qa3 Qg5 57. Qf3 Qc1+ {[%mdl 64] [#] Double Attack} 58. Kh2 Qf4+ {Accuracy: White = 37%, Black = 70%.} 0-1

[Event "Elitserien Allsvenskan 2018-19"]
[Site "Sweden"]
[Date "2019.03.31"]
[Round "9.4"]
[White "Drugge, Patrik"]
[Black "Livner, Anders"]
[Result "0-1"]
[WhiteElo "2187"]
[BlackElo "2338"]
[Annotator "NA"]
[PlyCount "73"]
[EventDate "2018.11.09"]
[EventType "team-tourn"]
[EventCountry "SWE"]
[SourceTitle "playchess.com"]
[Source "ChessBase"]
[SourceQuality "1"]
[TimeControl "40/5400+30:1800+30"]

1. e4 {[%emt 0:00:25]} c6 {[%emt 0:00:00]} 2. d4 {[%emt 0:00:52]} d5 {[%emt 0:00:00]} 3. Nc3 {[%emt 0:00:12]} dxe4 {[%emt 0:00:00]} 4. Nxe4 {[%emt 0:00:04]} Bf5 {[%emt 0:00:24]} 5. Ng3 {[%emt 0:00:05]} Bg6 {[%emt 0:00:05]} 6. Nf3 {[%emt 0:00:38]} Nd7 {[%emt 0:00:14]} 7. h4 {[%emt 0:00:55]} h6 {[%emt 0:00:07]} 8. h5 {[%emt 0:00:02]} Bh7 {[%emt 0:00:07]} 9. Bd3 {[%emt 0:00:06]} Bxd3 {[%emt 0:00:04]} 10. Qxd3 {[%emt 0:00:03]} e6 {[%emt 0:00:07]} 11. Bf4 {[%emt 0:14:59]} Qa5+ {[%emt 0:00:25] B19: Classical Caro-Kann: 4...Bf5 main line} 12. Bd2 {[%emt 0:08:21]} Bb4 {[%emt 0:00:28]} 13. Ne4 {[%emt 0:02:19]} (13. c3 Be7 14. c4 Qc7 15. d5 cxd5 16. cxd5 Qd6 17. Qb5 Ngf6 18. dxe6 Qxe6+ 19. Kf1 {1-0 (64) Kokarev,D (2622)-Rozum,I (2586) Khanty-Mansiysk 2017}) 13... Ngf6 {[%emt 0:06:08]} 14. Nd6+ {[%emt 0:07:42]} Ke7 {[%emt 0:00:15]} 15. Nxb7 {[%emt 0:23:33]} Bxd2+ {[%emt 0:21:41]} 16. Nxd2 {[%emt 0:00:07]} Qb4 {[%emt 0:00:21]} 17. Qb3 {[%emt 0:04:17]} Qxd4 {[%emt 0:05:59]} 18. Qa3+ {[%emt 0:07:39]} c5 {[%emt 0:00:57]} 19. O-O-O {[%emt 0:00:13]} Rhc8 $146 {[%emt 0:05:53]} 20. Rh3 {[%emt 0:05:15]} (20. Na5 $11 {remains equal.}) 20... Rc7 {[%emt 0:06:05]} 21. Na5 {[%emt 0:01:02]} Qxf2 {[%emt 0:05:14]} 22. Ndc4 {[%emt 0:06:44]} Kf8 {[%emt 0:06:03]} 23. Nd6 {[%emt 0:02:55]} Rb8 {[%emt 0:10:59]} 24. Nac4 {[%emt 0:01:02]} Nb6 {[%emt 0:04:52]} 25. Rf3 $19 {[%emt 0:01:45]} (25. Ne5 $17) 25... Nxc4 {[%emt 0:04:31]} 26. Nxc4 {[%emt 0:00:06]} Qxg2 {[%emt 0:04:25]} 27. Qa5 {[%emt 0:05:40]} Rcc8 {[%emt 0:05:22]} 28. Rdf1 {[%emt 0:00:34]} Kg8 {[%emt 0:03:32]} 29. Kb1 {[%emt 0:02:20]} Rd8 {[%emt 0:00:59]} 30. Qe1 {[%emt 0:01:02]} Kh7 {[%emt 0:03:26]} 31. Ne5 {[%emt 0:01:48]} Rd2 {[%emt 0:03:04]} 32. Rg1 {[%emt 0:01:12]} Qe2 {[%emt 0:00:57]} 33. Qxe2 {[%emt 0:02:00]} Rxe2 {[%emt 0:00:01]} 34. Nxf7 {[%emt 0:00:28]} Nxh5 {[%emt 0:01:46]} 35. Rh1 {[%emt 0:00:03]} Rf8 {[%emt 0:02:20]} 36. b3 {[%emt 0:00:54]} Nf6 {[%emt 0:00:18]} 37. Nd6 0-1

[Event "Elitserien Allsvenskan 2018-19"]
[Site "Sweden"]
[Date "2019.03.31"]
[Round "9.5"]
[White "Cramling, Pia"]
[Black "Kucuksari, Kaan"]
[Result "1/2-1/2"]
[WhiteElo "2460"]
[BlackElo "2291"]
[Annotator "TA"]
[PlyCount "91"]
[EventDate "2018.11.09"]
[EventType "team-tourn"]
[EventCountry "SWE"]
[SourceTitle "playchess.com"]
[Source "ChessBase"]
[SourceQuality "1"]

{[%evp 10,91,15,15,23,26,16,-7,-6,-7,0,-1,0,-11,0,0,0,-19,12,12,8,13,10,8,13,18,20,10,21,0,23,18,37,0,0,0,0,-6,0,0,0,0,0,0,80,81,108,101,125,117,117,117,132,79,79,93,79,77,68,8,12,7,13,0,0,0,0,0,0,0,0,0,0,0,0,0,0,0,0,0,0,0,0,0]} 1. Nf3 Nf6 2. c4 c6 3. d4 d5 4. Qc2 g6 5. e3 Bf5 6. Bd3 Bxd3 {D11: Slav Defence: 3 Nf3 sidelines and 3...Nf6 4 e3 Bg4} (6... Qa5+ 7. Nbd2 Bxd3 8. Qxd3 Bg7 9. O-O O-O 10. e4 Qa6 11. Re1 Nbd7 12. Qc2 dxc4 13. Nxc4 c5 14. d5 {1-0 (38) Landa,K (2625)-Pakleza,Z (2520) Czech Republic 2015}) 7. Qxd3 Bg7 8. cxd5 cxd5 9. Qb5+ Qd7 10. Qxd7+ $146 ({Predecessor:} 10. Nc3 O-O 11. Qxd7 Nbxd7 12. Bd2 Rfc8 13. Ke2 e6 14. Rhc1 {0-1 (59) Kraus,O (2235)-Slobodjan,R (2315) Dortmund 1992}) 10... Nbxd7 11. Nc3 a6 12. Ke2 e6 13. Bd2 Ke7 14. Rhc1 Rhc8 15. Ne1 Ne4 16. Nd3 Nxd2 17. Kxd2 Kd6 18. Rc2 Rc6 19. Rac1 Rac8 20. f4 f5 21. Ne5 Nxe5 22. dxe5+ Kd7 23. Rg1 g5 {Hoping for ...gxf4.} 24. g3 Bh6 25. Kd3 b5 {White must now prevent ...b4.} 26. Rcc1 Rg8 {[#]} (26... Bf8 $11) 27. Ne2 $1 $16 Rc4 28. b3 Rcc8 29. Rxc8 Rxc8 {[%mdl 4096] Endgame [#] KRB-KRN} 30. g4 $1 Rf8 31. Rg3 (31. gxf5 $142 Rxf5 32. Nd4) 31... fxg4 32. Rxg4 gxf4 33. exf4 Rf7 34. Rh4 ({White should try} 34. a3 $14) 34... Bf8 $11 {The position is equal.} 35. Nd4 {f5! is the strong threat.} Bc5 36. f5 Bxd4 $1 37. fxe6+ Kxe6 38. Kxd4 {aiming for Rh6+. KR-KR} h5 $1 39. Rxh5 {Threatens to win with Rh6+.} Rf4+ 40. Ke3 Re4+ 41. Kd3 Rg4 42. Rh6+ Kxe5 43. Rh5+ Kd6 44. Rh6+ Ke5 45. Rh5+ Kd6 46. Rh6+ {Accuracy: White = 59%, Black = 61%.} 1/2-1/2

[Event "Elitserien Allsvenskan 2018-19"]
[Site "Sweden"]
[Date "2019.03.31"]
[Round "9.5"]
[White "Hansen, Mads"]
[Black "Engqvist, Thomas"]
[Result "1/2-1/2"]
[WhiteElo "2413"]
[BlackElo "2328"]
[Annotator "TA"]
[PlyCount "105"]
[EventDate "2018.11.09"]
[EventType "team-tourn"]
[EventCountry "SWE"]
[SourceTitle "playchess.com"]
[Source "ChessBase"]
[SourceQuality "1"]

{[%evp 10,105,64,53,49,37,46,42,53,20,33,31,54,26,27,16,40,0,4,-37,1,-18,-14,-10,37,25,24,24,39,24,24,24,24,24,24,24,70,26,61,53,83,67,107,89,113,64,167,64,59,34,38,36,30,12,25,0,0,-12,0,0,0,-33,-30,-28,-30,-28,-25,-26,-27,-27,-21,-24,-33,-24,-8,-8,-8,-8,-8,-8,-8,-25,-16,-17,-20,-68,-80,-114,-9,-67,-49,-60,0,0,0,0,0,0]} 1. e4 d5 2. exd5 Qxd5 3. Nc3 Qd6 4. d4 Nf6 5. Nf3 c6 6. Ne5 Nbd7 {B01: Scandinavian Defence} 7. Nc4 Qc7 8. Qf3 Nb6 {White is slightly better.} 9. Ne5 (9. Bf4 $5 {[%cal Rf4c7]} Qd8 10. Be5 $14) (9. Bf4 Qd7 10. Nxb6 axb6 11. O-O-O Qd8 12. h3 e6 13. Bc4 Be7 14. g4 {½-½ (32) Grischuk,A (2750)-Rapport,R (2698) chess.com INT 2017}) 9... Qd6 10. Be3 h5 $146 ({Predecessor:} 10... Be6 11. a3 g6 12. Bd3 Bg7 13. O-O O-O 14. Rfe1 Nfd7 15. Nxd7 Qxd7 16. Qf4 Rad8 17. Rad1 Bg4 18. f3 Bf5 {½-½ (18) Nevednichy,V (2581)-Ardelean,G (2449) Timisoara 2006}) 11. h3 Bg4 12. Qf4 (12. Qg3 {with more complications.} h4 13. Qf4 Be6 14. Qf3 Nbd5 15. Bc4) 12... Be6 13. O-O-O g6 14. Be2 O-O-O 15. a3 Bg7 16. Qf3 h4 17. Bf4 $36 {[%mdl 2048] White fights for an advantage.} Bh6 $1 18. Bxh6 Rxh6 19. Qe3 Rh7 20. Bg4 {Strongly threatening Nxf7!} Kb8 21. Bxe6 Qxe6 22. Rhe1 Ka8 23. Kb1 Qf5 24. Rd3 Nfd7 25. Ng4 e6 {[#]} 26. Ne4 $1 Nc4 27. Qc1 {Black must now prevent b3.} Qb5 (27... Qa5 $1 $14) 28. Rb3 (28. Ng5 $18 Rg7 29. Nh6) 28... Qa5 $14 29. Rc3 Ndb6 $1 30. Ngf6 Rhh8 31. Rd1 e5 32. Rcd3 Na4 $1 {[%cal Ra4b2]} 33. b4 Qb6 34. dxe5 Nxe5 35. Nd7 Rxd7 36. Rxd7 Nxd7 37. Rxd7 f5 38. Ng5 $1 Qxf2 39. Qd2 $1 Qf1+ 40. Ka2 $1 {Intending Rd8+ and mate.} Qc4+ 41. Kb1 {White wants to mate with Rd8+.} a6 {aiming for ...Qf1+.} 42. Nf7 Rb8 43. Ne5 {[%mdl 64] Double Attack} Nc3+ 44. Kb2 Qa2+ 45. Kxc3 {Hoping for Qc1.} Qa1+ 46. Kb3 {And now Nc4 would win.} Qxe5 $11 {[%mdl 4096] Endgame KQR-KQR} 47. a4 {[#]} g5 $1 {[%mdl 512]} 48. Qd6 (48. Qxg5 Qe6+) 48... Qe3+ ({Black should try} 48... Qxd6 $17 49. Rxd6 Re8) 49. Kb2 (49. c3 $1 $11) 49... Qe4 $15 50. a5 Qxg2 (50... Qe8 $1 $15) 51. Rd8 $1 $11 {The position is equal.} Rxd8 52. Qxd8+ Ka7 {Threatens to win with ...Qg1.} 53. Qb6+ {Accuracy: White = 52%, Black = 59%.} 1/2-1/2

[Event "Elitserien Allsvenskan 2018-19"]
[Site "Sweden"]
[Date "2019.03.31"]
[Round "9.5"]
[White "Ertan, Can"]
[Black "Gajic, Mladen"]
[Result "0-1"]
[WhiteElo "2404"]
[BlackElo "2322"]
[Annotator "ChessBase"]
[PlyCount "124"]
[EventDate "2018.11.09"]
[EventType "team-tourn"]
[EventCountry "SWE"]
[SourceTitle "playchess.com"]
[Source "ChessBase"]
[SourceQuality "1"]
[TimeControl "40/5400+30:1800+30"]

1. e4 {[%emt 0:01:30]} g6 {[%emt 0:00:21]} 2. d4 {[%emt 0:00:06]} Bg7 {[%emt 0:00:03]} 3. Nc3 {[%emt 0:00:34]} d6 {[%emt 0:00:31]} 4. Bg5 {[%emt 0:08:21]} a6 {[%emt 0:03:18]} 5. f4 {[%emt 0:07:28]} b5 {[%emt 0:01:53]} 6. Nf3 {[%emt 0:00:10]} Bb7 {[%emt 0:03:39]} 7. a3 {[%emt 0:05:13]} Nd7 {[%emt 0:08:37]} 8. e5 {[%emt 0:06:00]} c5 {[%emt 0:08:16]} 9. Bd3 {[%emt 0:08:54]} cxd4 {[%emt 0:03:38]} 10. Ne4 {[%emt 0:00:12]} Qb6 {[%emt 0:10:01]} 11. exd6 {[%emt 0:07:15]} f5 {[%emt 0:01:56]} 12. Ng3 {[%emt 0:08:38]} Qxd6 {[%emt 0:00:48]} 13. Ne2 {[%emt 0:03:50]} Nc5 {[%emt 0:26:10]} 14. O-O {[%emt 0:00:38]} Rd8 {[%emt 0:00:43]} 15. Bh4 {[%emt 0:11:46]} Nh6 {[%emt 0:00:50]} 16. h3 {[%emt 0:02:15]} O-O {[%emt 0:02:19]} 17. Bf2 {[%emt 0:04:14]} Nf7 {[%emt 0:05:48]} 18. Nexd4 {[%emt 0:05:09]} Qxf4 {[%emt 0:01:32]} 19. Qe2 {[%emt 0:03:00]} Nxd3 {[%emt 0:10:32]} 20. Be3 {[%emt 0:10:58]} Qe4 {[%emt 0:03:53]} 21. cxd3 {[%emt 0:02:10]} Qd5 {[%emt 0:00:01]} 22. Rad1 {[%emt 0:00:50]} e5 {[%emt 0:03:01]} 23. Nc2 {[%emt 0:00:03]} e4 {[%emt 0:01:01]} 24. Nfd4 {[%emt 0:01:32]} exd3 {[%emt 0:01:20]} 25. Rxd3 {[%emt 0:00:03]} Rfe8 {[%emt 0:00:14]} 26. Rd2 {[%emt 0:01:06]} Qe4 {[%emt 0:01:26]} 27. Qf2 {[%emt 0:00:49]} Ba8 {[%emt 0:01:05]} 28. Re1 {[%emt 0:00:15]} Qb7 {[%emt 0:00:09]} 29. Bf4 {[%emt 0:00:39]} Rxe1+ {[%emt 0:00:34]} 30. Qxe1 {[%emt 0:00:04]} g5 {[%emt 0:00:48]} 31. Nf3 {[%emt 0:01:02]} Rxd2 {[%emt 0:00:32]} 32. Qe8+ {[%emt 0:00:15]} Bf8 {[%emt 0:00:04]} 33. Bxd2 {[%emt 0:00:04]} Qe4 {[%emt 0:00:52]} 34. Qxf7+ {[%emt 0:00:35]} Kxf7 {[%emt 0:00:01]} 35. Nxg5+ {[%emt 0:00:05]} Kg6 {[%emt 0:00:11]} 36. Nxe4 {[%emt 0:00:11]} Bxe4 {[%emt 0:00:10]} 37. Nd4 {[%emt 0:00:53]} Bc5 {[%emt 0:00:18]} 38. Be3 {[%emt 0:00:23]} f4 {[%emt 0:00:55]} 39. Bf2 {[%emt 0:00:03]} Kf6 {[%emt 0:01:17]} 40. Nb3 {[%emt 0:00:02]} Bxf2+ {[%emt 0:00:36]} 41. Kxf2 {[%emt 0:30:04]} Ke5 {[%emt 0:30:30]} 42. Nc5 {[%emt 0:00:10]} a5 {[%emt 0:00:22]} 43. g3 {[%emt 0:00:00]} fxg3+ {[%emt 0:00:00]} 44. Kxg3 {[%emt 0:00:00]} Bd5 {[%emt 0:00:00]} 45. Nd7+ {[%emt 0:00:00]} Kd4 {[%emt 0:00:00]} 46. Nf6 {[%emt 0:00:00]} Be4 {[%emt 0:00:00]} 47. Kf4 {[%emt 0:00:00]} Bc2 {[%emt 0:00:00]} 48. Ne8 {[%emt 0:00:00]} a4 {[%emt 0:00:00]} 49. h4 {[%emt 0:00:00]} Bd1 {[%emt 0:00:00]} 50. Nd6 {[%emt 0:00:00]} Be2 {[%emt 0:00:00]} 51. h5 {[%emt 0:00:00]} Kd5 {[%emt 0:00:00]} 52. Ne4 {[%emt 0:00:00]} Bxh5 {[%emt 0:00:00]} 53. Nf6+ {[%emt 0:00:00]} Kc4 {[%emt 0:00:00]} 54. Nxh5 {[%emt 0:00:00]} Kb3 {[%emt 0:00:00]} 55. Nf6 {[%emt 0:06:01]} Kxb2 {[%emt 0:00:00]} 56. Nxh7 {[%emt 0:00:30]} Kxa3 {[%emt 0:00:00]} 57. Nf6 {[%emt 0:00:26]} Kb2 {[%emt 0:00:00]} 58. Ne4 {[%emt 0:02:14]} a3 {[%emt 0:00:00]} 59. Nd6 {[%emt 0:00:47]} b4 {[%emt 0:00:00]} 60. Nc4+ {[%emt 0:01:04]} Kc3 {[%emt 0:00:00]} 61. Ne3 {[%emt 0:00:03]} a2 {[%emt 0:00:00]} 62. Nd5+ {[%emt 0:00:03]} Kb3 {[%emt 0:00:00]} 0-1

[Event "Elitserien Allsvenskan 2018-19"]
[Site "Sweden"]
[Date "2019.03.31"]
[Round "9.5"]
[White "Ong, Kezli"]
[Black "Schutz, Ingemar"]
[Result "1-0"]
[WhiteElo "2330"]
[BlackElo "2195"]
[Annotator "NA"]
[PlyCount "94"]
[EventDate "2018.11.09"]
[EventType "team-tourn"]
[EventCountry "SWE"]
[SourceTitle "playchess.com"]
[Source "ChessBase"]
[SourceQuality "1"]
[TimeControl "40/5400+30:1800+30"]

1. e4 {[%emt 0:03:14]} c5 {[%emt 0:00:00]} 2. Nf3 {[%emt 0:00:17]} d6 {[%emt 0:00:05]} 3. Bb5+ {[%emt 0:00:28]} Nc6 {[%emt 0:00:20]} 4. O-O {[%emt 0:05:29]} Bd7 {[%emt 0:02:17]} 5. Re1 {[%emt 0:02:10]} a6 {[%emt 0:02:44]} 6. Bf1 {[%emt 0:04:36]} Nf6 {[%emt 0:03:36]} 7. c3 {[%emt 0:02:15]} Bg4 {[%emt 0:07:05]} 8. h3 {[%emt 0:03:03]} Bh5 {[%emt 0:01:04]} 9. g4 {[%emt 0:10:07] B51: Sicilian: Moscow Variation (3 Bb5+) without 3...Bd7} (9. d4 Bxf3 10. gxf3 e5 11. d5 Ne7 12. f4 Ng6 13. f5 Ne7 14. Bg5 Neg8 15. b4 cxb4 16. cxb4 g6 {0-1 (33) Demchenko,A (2660)-Korobov,A (2652) Riadh 2017}) 9... Bg6 {[%emt 0:02:19]} 10. d4 {[%emt 0:01:21]} e5 {[%emt 0:12:38]} ({But not} 10... Nxe4 $6 11. d5 $16) 11. dxe5 {[%emt 0:13:45]} dxe5 {[%emt 0:02:52]} 12. Qc2 {[%emt 0:00:29]} Be7 {[%emt 0:03:25]} 13. a4 $146 {[%emt 0:04:47]} ({Predecessor:} 13. Nbd2 O-O 14. Nc4 Qc7 15. Bg5 Nd5 16. Bxe7 Qxe7 {1-0 (50) Goh,W (2424)-Nguyen,H (2464) Tagaytay City 2011}) 13... h5 {[%emt 0:03:00]} 14. g5 {[%emt 0:04:16]} Nh7 {[%emt 0:04:00]} 15. Rd1 {[%emt 0:02:42]} Qc7 {[%emt 0:06:05]} 16. Na3 {[%emt 0:06:22]} Rd8 {[%emt 0:04:05]} 17. Be3 {[%emt 0:04:12]} Rxd1 {[%emt 0:10:29]} 18. Rxd1 {[%emt 0:00:11]} h4 {[%emt 0:00:21]} 19. Nxh4 {[%emt 0:08:05]} Bh5 {[%emt 0:01:07]} 20. Rd5 {[%emt 0:03:48]} Nxg5 {[%emt 0:02:45]} 21. Bxg5 {[%emt 0:03:23]} Bxg5 {[%emt 0:00:07]} 22. Nf5 {[%emt 0:00:33]} Ne7 {[%emt 0:05:36]} 23. Nxe7 {[%emt 0:13:17]} Qxe7 {[%emt 0:06:12]} 24. Nc4 {[%emt 0:00:05]} Bf4 {[%emt 0:00:41]} 25. Nd6+ {[%emt 0:00:06]} Kf8 {[%emt 0:00:48]} 26. Qd3 {[%emt 0:00:26]} g6 {[%emt 0:10:19]} 27. Nxf7 {[%emt 0:01:29]} Qxf7 {[%emt 0:03:23]} 28. Rd8+ {[%emt 0:00:09]} Kg7 {[%emt 0:00:08]} 29. Rd7 {[%emt 0:00:06]} Rf8 {[%emt 0:00:04]} 30. Rxf7+ {[%emt 0:00:19]} Rxf7 {[%emt 0:00:05]} 31. Qd6 {[%emt 0:00:49]} Kh6 {[%emt 0:03:50]} 32. Bc4 {[%emt 0:00:48]} Rg7 {[%emt 0:00:33]} 33. Qxc5 {[%emt 0:01:14]} Bf3 {[%emt 0:00:56]} 34. Qd5 {[%emt 0:01:55]} g5 {[%emt 0:00:13]} 35. Kf1 {[%emt 0:00:35]} g4 {[%emt 0:00:24]} 36. Be2 {[%emt 0:00:35]} Bxe2+ {[%emt 0:02:41]} 37. Kxe2 {[%emt 0:00:02]} g3 {[%emt 0:00:12]} 38. fxg3 {[%emt 0:00:10]} Rxg3 {[%emt 0:00:04]} 39. Qxb7 {[%emt 0:00:35]} Rxh3 {[%emt 0:00:40]} 40. Qxa6+ {[%emt 0:00:00]} Kg5 {[%emt 0:00:00]} 41. Qb7 {[%emt 0:31:43]} Bc1 {[%emt 0:03:52]} 42. Kd1 {[%emt 0:00:00]} Be3 {[%emt 0:02:37]} 43. a5 {[%emt 0:00:00]} Rh2 {[%emt 0:03:31]} 44. a6 {[%emt 0:00:00]} Kf4 $18 {[%emt 0:03:12]} 45. a7 {[%emt 0:00:00]} Kf3 {[%emt 0:02:15]} 46. a8=Q {[%emt 0:00:00]} Rd2+ {[%emt 0:00:24]} 47. Kc1 {[%emt 0:00:00]} Kf4 1-0